Diario de Federico Gamboa : 1892-1939 /

Gardado en:
Detalles Bibliográficos
Autor Principal: Gamboa, Federico (autor)
Outros autores: Pacheco, José Emilio (selección) (selección)
Formato: Libro
Idioma:Lingua castelá
Publicado: México : Siglo XXI, 1977, c1977
Series:(El Hombre y Sus Obras)
Temas:
Etiquetas: Engadir etiqueta
Sen Etiquetas, Sexa o primeiro en etiquetar este rexistro!

MARC

LEADER 00000nam^a2200000^a^4500
001 000311118
005 20250521000000.0
009 20260310113034.79
037 |a Acervo Xavier Clavigero 
041 |a ESP 
082 |a 860. 92  |b GAM 
100 |a Gamboa, Federico  |e (autor) 
240 1 1 |a [Diario de Federico Gamboa] 
245 1 0 |a Diario de Federico Gamboa :  |b 1892-1939 /  |c F. Gamboa ; selec., pról. y notas de J.E. Pacheco. 
264 4 |a México :  |b Siglo XXI,  |c 1977, c1977 
300 |a 279 p., [1] lámina 
336 |a texto  |b txt  |2 rdacontenido 
337 |a sin mediación  |b n  |2 rdamedio 
338 |a volumen  |b nc  |2 rdasoporte 
440 4 |a (El Hombre y Sus Obras) 
649 |a XX 
650 |a Escritores Mexicanos -  |x Memorias 
650 |a Diplomáticos Mexicanos -  |x Memorias 
650 |a Jefes de Estado Mexicanos 
650 |a Políticos Mexicanos 
650 |a Diarios Literarios Mexicanos 
650 |a Literatura Autobiográfica -  |z México 
650 |a Literatura y Política -  |z México 
650 |a Literatura Mexicana -  |y Siglo XIX 
650 |a Literatura Mexicana -  |y Siglo XX 
650 |a México -  |x Historia -  |y Porfirismo, 1876-1911 -  |x Tema Principal 
650 |a México -  |x Historia -  |y República Liberal, 1867-1911 
650 |a México -  |x Historia -  |y 1910-1946 
650 |a México -  |x Historia -  |y Siglo XIX 
650 |a México -  |x Historia -  |y Siglo XX 
650 |a Díaz, Porfirio -  |x Tema Principal 
650 |a Gamboa, Federico -  |x Tema Principal 
700 |a Pacheco, José Emilio  |e (selección) 
910 |a Fondo General 
920 |a Impresos - Libros 
930 |a Colección General 
940 |a Literatura 
905 |a 101 
901 |a 040962  |b IT1  |c LIT  |u 20250521 
902 |a https://opac.biblio.iteso.mx/vufind/Record/000311118